[Event "Subang Jaya op 12th"]
[Site "Subang Jaya"]
[Date "2024.01.28"]
[Round "8"]
[White "Tamilarusu, Jeya Suriya"]
[Black "Mohd Afif, Ainul Mardhiah"]
[Result "1/2-1/2"]
[WhiteElo "1344"]
[BlackElo "1525"]
[PlyCount "85"]
[EventDate "2024.01.27"]
[EventType "swiss"]
[EventRounds "8"]
[EventCountry "MAS"]
[SourceTitle "CBM 218 Extra"]
[Source "ChessBase"]
[SourceDate "2024.03.31"]
[SourceVersion "1"]
[SourceVersionDate "2024.03.31"]
[SourceQuality "1"]

1. d4 Nf6 2. c4 e6 3. Nc3 Bb4 4. Bg5 c5 5. e3 Qa5 6. Bd3 cxd4 7. Bxf6 dxc3 8. bxc3 Bxc3+ 9. Bxc3 Qxc3+ 10. Ke2 Nc6 11. Nf3 Qf6 12. Qb3 h6 13. Rad1 0-0 14. Be4 Qe7 15. Rd2 f5 16. Bxc6 dxc6 17. Ne5 Kh7 18. Rhd1 Qc7 19. Qc3 b6 20. Rd6 c5 21. f4 Qe7 22. Qe1 Ba6 23. Qg3 Qf6 24. Rd7 Bc8 25. R7d6 Rb8 26. Rc6 Rb7 27. h4 g6 28. Qf3 Re7 29. Rcd6 Qxh4 30. Qf2 Qxf2+ 31. Kxf2 Bb7 32. a3 Kg7 33. g3 Be4 34. R1d2 g5 35. a4 gxf4 36. exf4 Rb8 37. Rd7 Rb7 38. Rd8 a6 39. Rc8 Rbc7 40. Rb8 Rb7 41. Rc8 Rbc7 42. Rb8 Rb7 43. Rc8 1/2-1/2